000 00758nam a2200253Ia 4500
003 OSt
005 20220928124334.0
006 a|||||r|||| 00| 0
007 ta
008 220927b |||||||| |||| 00| 0 eng d
020 _c8300.0400000000009
024 _a127404
037 _b072, 05/10/2015, Classic Book Service
_cTextual
040 _aSDCL
_cSDCL
_beng
041 _2eng
_aeng
082 _aB28931, Q5
100 _aArora Rajesh Kumar
_9464488
245 0 _aOptimization
_b Algorithms and applications
260 _aBoca Raton
_b CRC Press
_c2015
300 _axv;450p.
_ccm.
650 _aMathematics
942 _hB28931, Q5
_cTEXL
_2CC
999 _c777397
_d777397